00600nam a2200145 a 450000100100000000500170001000800410002702000180006810000180008624501660010426001150027030000200038570000360040504000130044100003999020201002033842.0130802s2010 mx 000 0 spa d a97860702203951 aCaso, Antonio13aLa Oda a la Música :bdiscurso de ingreso a la Academia Mexicana de la Lengua, 4 de enerode 1921 /cAntonio Caso ; respuesta de José López Portillo y Roja. aMéxico :bDirección General de Publicaciones y Fomento Editorial :bAcademia Mexicana de la Lengua,c2010. a62 p. ;c18 cm.1 aPortillo y Roja, José López aDO-SdBNP